Návrh úprav viacstupňovej prevodovky elektrickej pohonnej jednotky nákladného vozidla s nosnosťou do 6t

Na minha lista:
Detalhes bibliográficos
Autor principal: Králik, Dávid (Author)
Outros Autores: Milesich, Tomáš (Thesis advisor)
Formato: Manuscrito Livro
Idioma:eslovaco
Publicado em: 2025
Assuntos:
Acesso em linha:http://is.stuba.sk/zp/portal_zp.pl?podrobnosti=184645
Tags: Adicionar Tag
Sem tags, seja o primeiro a adicionar uma tag!

MARC

LEADER 00000ntm a22000003a 4500
001 stuzp106414
003 SK-STU
005 20250621210732.7
007 ta
008 150427s2015----xo-----f-mn---000-0-slo-d
040 |a STU  |b slo 
041 0 |a slo 
100 1 |a Králik, Dávid  |u 020030  |4 aut  |U SjF Strojnícka fakulta  |T SjF Ústav automobilového inžinierstva a konštruovania  |X 111720  |U J0030  |Y 806  |7 111720 
242 0 1 |a Design of modifications to the multi-speed gearbox of the electric drive unit of a truck with a load capacity of up to 6 tons  |y eng 
245 1 0 |a Návrh úprav viacstupňovej prevodovky elektrickej pohonnej jednotky nákladného vozidla s nosnosťou do 6t 
260 |c 2025 
650 4 |a viacstupňová prevodovka  |2 slo 
650 4 |a úprava  |2 slo 
650 4 |a aktuátor  |2 slo 
650 4 |a elektrické vozidlo  |2 slo 
650 4 |a elektromotor  |2 slo 
650 4 |a electric motor  |2 eng 
650 4 |a modification  |2 eng 
650 4 |a electric vehicle  |2 eng 
650 4 |a actuator  |2 eng 
650 4 |a multi-speed transmission  |2 eng 
700 1 |a Milesich, Tomáš  |u 020030  |k Z1  |4 ths  |U SjF Strojnícka fakulta  |T SjF Ústav automobilového inžinierstva a konštruovania  |X 49630  |U J0030  |Y 806  |7 A000049630 
856 4 |u http://is.stuba.sk/zp/portal_zp.pl?podrobnosti=184645